Statistiken für Könige Polens

Klicken Sie hier um das Quiz zu spielen!

Allgemein

  • Dieses Quiz wurde 31 mal gespielt
  • Das Durchschnittsergebnis liegt bei 14 aus 29

Antwortstatistiken

AmtszeitName% Korrekt
121764-1795Stanislaus II
81%
61648-1668Johann II
77%
91697-1733August II
69%
111733-1763August III
69%
41492-1501Johann I
69%
81674-1696Johann III
69%
11573-1574Heinrich
54%
101704-1736Stanislaus I
54%
11386-1434Władysław II
54%
21434-1444Władysław III
54%
11306-1333Władysław IV
54%
51632-1648Władysław IV
54%
31575-1586Stephan
50%
21382-1399Hedwig
46%
21574-1587Anna
42%
11025Bolesław I
42%
11076-1079Bolesław II
42%
21333-1370Kasimir III
42%
31447-1492Kasimir IV
42%
11370-1382Ludwig
38%
11300-1305Wenzel II
38%
21305-1306Wenzel III
38%
71669-1673Michael
35%
21025-1031Mieszko II
35%
61506-1548Sigismund I
35%
71548-1572Sigismund II
35%
41587-1632Sigismund III
35%
51501-1506Alexander
31%
11295-1296Przemysł II
19%

Verteilung der Resultate

Perzentil nach korrekt beantworteten Fragen

Anzahl Personen mit jedem Resultat

Ihre Resultats-Entwicklung

Sie haben dieses Quiz noch nicht gespielt